1464 1006 1225 1618 1714 1059 1765 1187 1170 1760 1789 1421 1561 1619 1432 1997 1706 1675 1261 1927 1196 1433 1393 1483 1528 1238 1298 1739 1869 1003 1476 1198 1002 1113 1167 1238 1024 1325 1291 1982 1050 1136 1879 1207 1233 1049 1209 1892 1121 1475 1043 1652 1385 1485 1785 1495 1687 1183 1506 1314 1600 1448 1612 1021 1343 1021 1209 1454 1651 1270 1407 1271 1397 1661 1845 1642 1339 1254 1429 1684 1773 1159 1379 1577 1554 1465 1612 1055 1190 1912 1691 1480 1644 1981 1010 1846 1370 1765 1619 BCNSPRNW ULIB Ver.6.0+V

เปลี่ยนเป็นภาษาไทย

Change to English
 แสดงรายละเอียดบรรณานุกรม
  กลับหน้าหลัก

Brief Record : Get Marc (ISO 2709) : E-mail record : QR code < ปิดหน้าต่าง
LEADER : 00000nam 2200000uu 4500
001    13399111435
003     ULIB
008    110627s||||||||th 000 0 tha d
020    9786165020688
090    นว.^bบ942ส 2554
100 0  ใบบัว
245 00 สวรรค์เถื่อน/^cใบบัว
250    พิมพ์ครั้งที่ 2
260    กรุงเทพฯ :^bSugar Beat,^c2554
300    439 หน้า
945    ^p270^l0^i030183
995    ทศพร
999 ^a ใช้งานได้ทุกระบบ
รายการนี้ยังไม่มีแท็ก
คุณยังไม่ได้ล็อกอิน คุณสามารถมีกิจกรรมร่วมกับเว็บไซต์ได้ แต่ต้องล็อกอินก่อน ::
  ล็อกอิน

รายการสื่อสารสนเทศ

ลำดับที่ ประเภท เลขเรียก/บาร์โค้ด สถานที่ สถานะ
- ไม่พบข้อมูล -

BibComment


ยังไม่เคยถูกคอมเมนท์

คอมเมนท์ทรัพยากรรายการนี้
  คอมเมนท์: สวรรค์เถื่อน ใบบัว


 Copyright 2026. Bcnsprnw @Library